| 000 | 00842nam a2200193 i 4500 | ||
|---|---|---|---|
| 001 | 158071 | ||
| 003 | ES-MaACL | ||
| 005 | 20250907063121.0 | ||
| 008 | 010521s1859 sp |||| | spa d | ||
| 080 | _a321.62 | ||
| 100 | 1 |
_aLópez Serrano, Juan, _ds. XIX _9150109 |
|
| 245 | 1 | 0 |
_aOrigen del feudalismo, elementos que lo constituyen, su influencia en el derecho : _bdiscurso leído en el acto de recibir la investidura de Doctor en la Facultad de Derecho / _cpor D. Juan López Serrano. |
| 260 |
_aMadrid : _b[s.n.], _c1859 ( _fImp. de Santiago Aguado) |
||
| 300 |
_a42 p. ; _c27 cm. |
||
| 650 | 7 |
_aFeudalismo _2embne _912768 |
|
| 710 | 2 |
_aUniversidad Central (Madrid). _bFacultad de Derecho. _97090 |
|
| 852 | 4 |
_aES-MaACL _jT-54-F-7 _z- Enc. hol., falto de cub. original _z- Enc. en un vol. facticio |
|
| 999 |
_c158071 _d158071 |
||